ديوان احمد فارس افندى صاحب الجوائب

محفوظ في:

التنسيق: كتاب

اللغة: Undetermined

منشور في: Qusṭanṭīyah Maṭbaʻat al-Jawāʼib, , 1876

الوسوم: إضافة وسم

لا توجد وسوم, كن أول من يضع وسما على هذه التسجيلة!

رقم الطلب: (R)P23 FARI

LEADER 00332nam a2200109Ia 4500
008 240404s9999||||xx |||||||||||||| ||und||
050 4 |a (R)P23 FARI 
245 1 0 |a ديوان احمد فارس افندى صاحب الجوائب 
264 1 |a Qusṭanṭīyah  |b Maṭbaʻat al-Jawāʼib, ,  |c 1876 
300 |a 127  |c 23 
942 |2 lcc  |c BK 
999 |c 58045  |d 58045